000
00317 a2200109 4500
001
ART_50054
005
20260410161631.0
008
260409a
245
1
0
_a
El tablero de comando útil para la empresa actual
100
1
_a
Smolje, Alejandro R.
773
0
_t
Enfoques
_g
- N°10 (oct. 2019)
_w
REV416
999
_c
12500
_d
12500